| 000 | 00934nam a22002177a 4500 | ||
|---|---|---|---|
| 003 | OSt | ||
| 005 | 20260311063038.0 | ||
| 008 | 260311b |||||||| |||| 00| 0 eng d | ||
| 020 | _a 0448089580 | ||
| 040 |
_aDWCL GS lib _cOC |
||
| 082 | _aFic, D621Ss 2008 | ||
| 100 | _aDixon Franklin W. | ||
| 245 |
_aThe Sting Of The Scorpion _cFranklin W. Dixon |
||
| 260 |
_aCanada _bFranklin W. Dixon _c1979 |
||
| 300 |
_aExtent- vii, 180 pages: _billustrations ; _c20cm |
||
| 520 | _a Frank and Joe investigate the "Scorpio" terrorist gang and sabotaged events at the new Wild World Zoo. | ||
| 650 | _aspans both literal biological behavior and metaphorical lessons on human nature, often centered on the inevitability of instinct and the necessity of caution. | ||
| 650 | _a one should not change their nature of compassion just because of the ingratitude or harm caused by others. | ||
| 700 | _aFranklin W. Dixon | ||
| 942 |
_2ddc _cFIC. _n0 |
||
| 999 |
_c8948 _d8948 |
||